00956cam a2200265 i 450000100060000000300080000600500170001400800410003102000230007203500190009504000270011404100080014108200240014910000330017324501480020626000310035430000340038549000410041950000400046050400540050050500140055465000300056865000590059865000330065712526BD-RjUL20211208235317.0140129s1980 nyua 00110 eng d a047104833X (v. l)  a(BD-RjUL)12575 aHNEbengcHNEdBD-RjUL aeng00a614.7219bCAN 19801 aCalabrese, Edward J.,d1946-10aNutrition and environmental health :bthe influence of nutritional status on pollutant toxicity and carcinogenicity / cby Edward J. Calabrese. aNew York :bWiley,cc1980. axix, 585 p. :bill. ;c24 cm.0 aEnvironmental science and technology a"A Wiley-Interscience publication." aIncludes bibliographical references and indexes. aVol. 1 -- 0aEnvironmental toxicology. 0aEnvironmentally induced diseasesxNutritional aspects. 0aVitamins in human nutrition.